Geoguessr- The Game - Statistics

General Stats
  • This quiz has been taken 20 times
  • The average score is 4 of 10
Answer Stats
Question Answer % Correct
What does the common community acronym NMPZ stand for in the context of professional gameplay? No Moving, Panning, or Zooming
89%
2. In a standard "Classic" game of GeoGuessr consisting of five rounds, what is the maximum possible score for a perfect game? 25,000 points
84%
The popularity of GeoGuessr spiked significantly during the COVID-19 pandemic, growing from 10 million users in 2019 to over 60 million by late 2023. True
84%
Which Dutch player became the first-ever GeoGuessr World Champion after winning the inaugural World Cup in Stockholm in 2023? Consus
58%
Who is the Swedish software engineer and IT consultant credited with creating GeoGuessr in 2013? Anton Wallen
47%
On what date was the MapRunner game mode, described as a faster and more difficult alternative to classic play, officially retired? August 31, 2024
21%
In which month and year did the YouTuber Rahul release the first-ever GeoGuessr "Tips and Tricks" video? July 2013
21%
In the GeoGuessr Weekend Series, what is the specific point multiplier applied to a player in the Master/Champion division for each Duel win? X4.0
16%
For the official GeoGuessr map of Gibraltar, what is the approximate maximum distance (the "maxErrorDistance") a player can be from the target to still receive a full 5,000 points? 5.5 centimeters
11%
In very early, non-standard versions of the game in 2013, what was the maximum number of points available per round before it was finalized at 5,000? 6,500
5%
No matching quizzes found
Score Distribution
Percent of People with Each Score
Percentile by Number Answered
Your Score History
You have not taken this quiz